| 000 -ლიდერი |
| ფიქსირებული სიგრძის საკონტროლო ველი |
01856nam a2200229Ia 4500 |
| 001 - საკონტროლო ნომერი |
| საკონტროლო ველი |
15501 |
| 003 - საკონტროლო ნომრის იდენტიფიკატორი |
| საკონტროლო ველი |
GE_BSU |
| 005 - ბოლო ოპერაციის თარიღი და დრო |
| საკონტროლო ველი |
20241122154704.0 |
| 008 - ფიქსირებული სიგრძის მონაცემთა ელემენტები - ზოგადი ინფორმაცია |
| ფიქსირებული სიგრძის საკონტროლო ველი |
181216s2015||||ge |||||||||||||| ||geo|| |
| 040 ## - კატალოგიზაციის წყარო |
| Transcribing agency |
GE_BSU |
| 041 ## - ენის კოდი |
| Language code of text/sound track or separate title |
geo |
| 080 ## - უნივერსალური ათობითი კლასიფიკაციის ინდექსი |
| Universal Decimal Classification number |
930.25(479.223)(061) ა-864 |
| 245 ## - ცნობა სათაურის შესახებ |
| Title |
არხეიონი = ARCHEION IX : |
| Remainder of title |
აჭარის ავტონომიური რესპუბლიკის მთავრობის საქვეუწყებო დაწესებულება - საარქივო სამმართველო / |
| Statement of responsibility, etc |
სარედაქციო საბჭოს თავ-რე : მაია ივანიშვილი ; რედ. : თამაზ ფუტკარაძე ; სარედ. საბჭო : თეონა იაშვილი, თენგიზ ცინცქილაძე, თენგიზ სალუქვაძე და სხვ. |
| 264 ## - წარმოების, გამოცემის, დისტრიბუციის და სხვა ცნობები |
| გამოცემის, წარმოების, დისტრიბუციის... ადგილი |
თბილისი : |
| გამოცემის, წარმოების, დისტრიბუციის... სახელწოდება |
უნივერსალი, |
| გამოცემის, წარმოების, დისტრიბუციის... თარიღი |
2015. |
| 300 ## - ფიზიკური აღწერა |
| Extent |
97 გვ. : |
| Other physical details |
ილ. ; |
| Dimensions |
27 სმ. |
| 490 ## - სერიის ცნობა |
| Series statement |
აჭარის ავტ. რესპ. მთავრობის საქვეუწყებო დაწესებულება-საარქივო სამმართველო |
| Volume number/sequential designation |
არხეიონი 9 |
| 653 ## - INDEX TERM--UNCONTROLLED |
| Uncontrolled term |
არხეიონი 9 |
| 653 ## - INDEX TERM--UNCONTROLLED |
| Uncontrolled term |
აჭარის ავტონომიური რესპუბლიკის მთავრობის საქვეუწყებო დაწესბულება-საარქივო სამმართველო |
| 700 ## - ADDED ENTRY--PERSONAL NAME |
| Personal name |
ივანიშვილი, მაია |
| Relator term |
მთავარი რედაქტორი |
| 9 (RLIN) |
23773 |
| 700 ## - ADDED ENTRY--PERSONAL NAME |
| Personal name |
ფუტკარაძე, თამაზ |
| Relator term |
რედაქტორი |
| 9 (RLIN) |
23774 |
| 942 ## - ADDED ENTRY ELEMENTS (KOHA) |
| Koha item type |
წიგნი |
| Source of classification or shelving scheme |
|